FIFA World Cup 2026 - Sweden Squad - Statistics

General Stats
  • This quiz has been taken 10 times
  • The average score is 13 of 27
Answer Stats
Team # Position Club/Country Player % Correct
Sweden 9 ST Liverpool FC Alexander Isak
100%
Sweden 4 CB Atalanta BC Isak Hien
100%
Sweden 17 ST Arsenal FC Viktor Gyökeres
100%
Sweden 11 RW Newcastle United Anthony Elanga
88%
Sweden 8 LB Borussia Dortmund Daniel Svensson
88%
Sweden 3 CB Aston Villa Victor Lindelöf
88%
Sweden 7 CM Tottenham Hotspur Lucas Bergvall
75%
Sweden 18 CM Brighton & Hove Albion Yasin Ayari
75%
Sweden Manager England Graham Potter
63%
Sweden 10 AM Celtic FC Benjamin Nygren
50%
Sweden 5 LB Leeds United Gabriel Gudmundsson
50%
Sweden 20 CB Burnley FC Hjalmar Ekdal
50%
Sweden 15 CM VfL Wolfsburg Mattias Svanberg
50%
Sweden 6 CB Celta de Vigo Carl Starfelt
38%
Sweden 22 RB Juventus FC Emil Holm
38%
Sweden 14 CB FC St. Pauli Eric Smith
38%
Sweden 13 LB Pafos FC Ken Sema
38%
Sweden 23 GK AIK Kristoffer Nordfeldt
38%
Sweden 2 CB SC Braga Gustaf Lagerbielke
25%
Sweden 16 DM Udinese Calcio Jesper Karlström
25%
Sweden 12 GK Stoke City Viktor Johansson
25%
Sweden 25 LM Mjällby AIF Elliot Stroud
13%
Sweden 1 GK Derby County Jacob Widell Zetterström
13%
Sweden 24 LW Malmö FF Taha Ali
13%
Sweden 26 RW Holstein Kiel Alexander Bernhardsson
0%
Sweden 19 ST Club Brugge KV Gustaf Nilsson
0%
Sweden 21 CM Union Saint-Gilloise Union Saint-Gilloise
0%
No matching quizzes found
Score Distribution
Percent of People with Each Score
Percentile by Number Answered
Your Score History
You have not taken this quiz